[Event "Dortmund SuperGM 39th"]
[Site "Dortmund"]
[Date "2011.07.22"]
[Round "2"]
[White "Meier, Georg"]
[Black "Kramnik, Vladimir"]
[Result "0-1"]
[WhiteElo "2656"]
[BlackElo "2781"]
[Annotator "Krasenkow,M"]
[PlyCount "64"]
[EventDate "2011.07.21"]
[EventType "tourn"]
[EventRounds "10"]
[EventCountry "GER"]
[EventCategory "20"]
[SourceTitle "CBM 144"]
[Source "ChessBase"]
[SourceDate "2011.09.16"]
[SourceVersion "1"]
[SourceVersionDate "2011.09.16"]
[SourceQuality "1"]

1. d4 Nf6 2. c4 e6 3. Nf3 b6 4. g3 Ba6 5. b3 Bb4+ 6. Bd2 Be7 7. Bg2 O-O 8. Nc3
d5 9. cxd5 exd5 10. O-O Re8 11. Rc1 Bb7 12. Ne5 Na6 (12... Nbd7 {is another
option in this old theoretical line.}) 13. Bf4 {Or else:} (13. Nb5 c5 14. dxc5
bxc5 15. Qe1 Bf8 16. Bc3 $2 (16. Nd3 $11) 16... Qb8 17. Nf3 d4 $19 {0-1 Zhu
Chen (2497)-Chiburdanidze,M (2513)/Batumi 2001/CBM 086 (36)}) (13. Na4 Bd6 14.
Nd3 Qe7 15. Re1 Ne4 16. Bf4 {1-0 Blagojevic,D (2425)-Dizdarevic,E (2505)/
Kladovo 1991/TD (45)} Ba3 17. Rc2 Rad8 $13) (13. Bg5 Ne4 (13... c6 14. e3 Rc8
15. Re1 Nc7 16. e4 Ne6 17. Bxf6 Bxf6 18. exd5 cxd5 19. Bh3 g6 $11 {1-0
Magerramov,E (2565)-Aseev,K (2560)/Podolsk 1992/EXT 1997 (37)}) 14. Bxe7 Qxe7
15. e3 c5 16. Nd3 cxd4 17. exd4 Rac8 (17... Nc7 18. Re1 Qd6 19. Nf4 {1/2
Gligoric,S (2510)-Spassky,B (2615)/Bugojno 1984/MCD}) 18. Nb5 Rxc1 19. Qxc1 Nb4
20. Bxe4 dxe4 21. Nxb4 Qxb4 22. Qc7 Qxb5 23. Qxb7 Qb4 24. Qd7 Qe7 25. Qxe7 Rxe7
{1/2 Gyimesi,Z (2529)-Farago,I (2533)/Lillafured 1999/CBM 070}) (13. Be3 c6 (
13... h6 14. Qc2 c6 15. f4 Bd6 16. Bf2 Qe7 17. Bf3 Rac8 18. Qb1 Nc7 19. Rfd1 {
1-0 Pinter,J (2565)-Sax,G (2535)/Szirak 1985/MCD (39)} Ba3 20. Rc2 Nb5 $1 21.
Nxb5 cxb5 $132 {[%cal Yf6e4]}) 14. Qd3 (14. f4 Bb4 15. Qc2 Rc8 16. Rfd1 Nc7 17.
Qb2 Qe7 18. Nb1 Nb5 19. Bd2 c5 $1 $36 {0-1 Berebora,F (2390)-Dizdarevic,E 
(2515)/Solin 1994/EXT 1997 (37)}) 14... Ba3 15. Rb1 Nc7 16. b4 Qe7 17. Bd2 Bxb4
18. Rxb4 Qxb4 19. Nxd5 Qd6 20. Bb4 Qd8 21. Nxf6+ Qxf6 22. Rc1 Rac8 $13 {
1-0 Makovsky,P (2457)-Skeels,J (2327)/IECG 2006/Telechess 117 (53)}) 13... h6 (
13... c5 14. Nb5 {[%csl Gb5]} (14. e3 $5 h6 $5) 14... Ne4 $6 (14... h6 {
- see below}) 15. dxc5 $1 Bxc5 16. Nd3 Qd7 17. a4 d4 18. b4 (18. Nxc5 $142 bxc5
19. f3 Nf6 20. e4 $1 $16) 18... Nxb4 19. Nxb4 Bxb4 20. Rc7 Qd5 21. Qxd4 $14 {
1/2 Fridman,D (2661)-Miroshnichenko,E (2690)/Eforie Nord 2009/CBM 132 Extra 
(27)}) (13... c6 {needs checking:} 14. e4 Nc7 15. exd5 cxd5 16. a4 Ne6 17. Be3
Bb4 18. Qd3 a6 19. Bh3 h6 $11 {0-1 Schandorff,L (2497)-Hansen,S (2553)/Koge
2005/CBM 105 ext (59)}) 14. Nb5 (14. Qd3 c5 $1 (14... Ba3 15. Rcd1 Bf8 16. h3
c5 17. g4 Nc7 18. Bg3 Qc8 19. Rc1 Ne4 $132 {1/2 Petursson,M (2565)-Stefansson,
H (2555)/Iceland 1998/EXT 2000 (32)}) 15. Qf5 (15. Nb5 Nb4 16. Qd2 a6) 15...
cxd4 16. Nb5 Bc5 17. Nf3 Rxe2 18. Nfxd4 Rxa2 19. Be5 Ne4 $17 {1/2 Hebden,M 
(2500)-Langeweg,K (2405)/Benidorm 1992/TD (46)}) (14. Nd3 Bf8 15. Rc2 c6 16.
Qa1 Nb4 17. Nxb4 Bxb4 18. a3 Bf8 19. Rd1 Qd7 20. Qb2 Qf5 {1/2 Vescovi,
G-Spraggett,K/Buenos Aires 2005}) (14. g4 c5 15. e3 Nc7 16. Bg3 Ne6 17. dxc5
bxc5 18. h3 Bd6 19. Ne2 h5 $132 {0-1 Roobol,M (2342)-Spoelman,W (2546)/
Vlissingen 2009/CBM 131 Extra (35)}) (14. h4 $5 {needs more tests as the games
played so far are not too convincing:} c5 (14... Ba3 $5 15. Rc2 c6) 15. dxc5 (
15. Nb5 $5) 15... Nxc5 (15... Bxc5 16. Nd3 Ba3 17. Rc2 Qd7 18. Ne5 Qe7 19. Nb5
Bc5 20. Nd3 Red8 21. Qb1 $14 {1/2 Jussupow,A (2645)-Chuchelov,V (2550)/Ohrid
2001/CBM 084 (25)}) 16. Be3 Bd6 17. Bxc5 bxc5 18. Nc4 Bc7 19. Rc2 Rb8 20. Rd2
d4 21. Bxb7 Rxb7 22. Na4 Ne4 $15 {1/2 Radjabov,T (2729)-Gelfand,B (2733)/Monte
Carlo 2007/CBM 117 ext (46)}) 14... Bf8 (14... c5 15. Nc4 (15. dxc5 $5 bxc5 16.
Nc4) (15. a3 $5 Bf8 16. Bh3 {can lead to the game position}) 15... Bc6 $1 16.
Ncd6 Rf8 (16... Bxb5 17. Nxb5 Qd7 18. a4 Rac8 19. Qd2 Nb4 $11 {V.Ivanchuk}) 17.
dxc5 bxc5 18. Nd4 (18. Qd2 Qd7 19. Qa5 {V.Ivanchuk} Nb8 $1 {[%cal Re7d8,Ra7a6]}
20. e4 $1 a6 $1 21. Nc7 Bxd6 22. Bxd6 Qxd6 23. exd5 Ra7 $1 24. dxc6 Qxc7 25.
Qxc5 a5 $1 $13) 18... cxd4 $1 19. Rxc6 Nb4 20. Nb7 Qe8 21. Rc7 Na6 22. Rc1 Qb5
23. Nd6 Qd7 24. Qd3 $1 Bxd6 25. Qxa6 Bxf4 26. gxf4 Qg4 27. Qd3 $1 Qxf4 28. Rcd1
Rfe8 29. Rfe1 Rac8 30. Qxd4 Qxd4 31. Rxd4 Rc2 $11 {1/2 Aronian,L (2752)
-Ivanchuk,V (2729)/Morelia/Linares 2006/CBM 112/[Avrukh,B] (35)}) 15. Bh3 $146
{[%mdl 8]} (15. Nc6 Qd7 16. Nbxa7 $2 (16. Qc2 $142 Nb4 $1 17. Nxb4 Qxb5 18. Nd3
Ba3 19. Rcd1 Re7 $11) {doesn't work due to} 16... Rxa7 $1 17. Nxa7 Ra8 18. Qc2
c5 19. a3 Rxa7 20. Rfd1 Qe6 $17 {0-1 Onischuk,A (2670)-Alekseev,E (2708)/Biel
2008/CBM 126 (52)}) 15... c5 16. a3 {Now both White's b5-knight and a3-pawn
restrict Black's pieces on the queenside.} Ne4 (16... Nh5 $5) 17. Rc2 g6 18.
Qc1 g5 {Black must weaken his position to lift the pressure. The play becomes
extremely complicated.} 19. Be3 Bg7 20. Nf3 $6 {Too passive.} (20. f4 f6 21.
Nd3 c4 22. bxc4 dxc4 23. Rxc4 Nxg3 24. hxg3 Qd5 25. Kf2 Qxb5 $132) (20. f3 $142
$1 Nd6 21. Nxd6 Qxd6 22. f4 f6 $140 23. Nd3 c4 24. bxc4 dxc4 25. Rxc4 Qd5 26.
Ne1 $1 Qh1+ 27. Kf2 Qxh2+ 28. Bg2 $14) 20... Qe7 (20... Bc6 $1 21. Nc3 Bd7 $1 {
K.Landa} 22. Bxd7 Qxd7 23. Rd1 Rad8 $15) 21. Rd1 Rad8 (21... Bc6 $5 22. Nc3
Rad8) (21... Bc8 $5 22. Bxc8 Raxc8 23. dxc5 $140 $2 bxc5 24. Rxd5 $2 Qb7) 22.
Nxa7 Nd6 23. a4 Nb4 (23... Ra8 $5 24. Nb5 Nxb5 25. axb5 Nb4 26. Rcd2 Ra5 $132)
24. dxc5 bxc5 25. Rxc5 Na2 26. Qc2 Nb4 27. Qc1 (27. Qb1 $5 Ba6 28. Nb5 Nxb5 29.
Rxb5 (29. axb5 d4 $1) 29... Bxb5 30. axb5 Qb7 31. Nd4 Bxd4 32. Bxd4 Qxb5 33. e3
$44) 27... Nc4 $6 {[%mdl 2048] A risky attempt to set a "fire on board"
instead of repeating moves:} (27... Na2) 28. bxc4 d4 29. Bxg5 $2 (29. Nxd4 Qxc5
30. Nf5 Rxd1+ 31. Qxd1 Qxc4 32. Qd7 Rb8 33. Ne7+ Kh8 34. Nac8 $1 Rxc8 35. Qxb7
$1 $16 {(K.Landa) Of course, it was very difficult for White to find the right
way under time pressure.}) 29... Qxc5 30. Bxd8 d3 $1 31. Ne1 $2 {[%mdl 8192]} (
31. e4 $1 Qxa7 32. Qa3 Qc5 33. Rb1 Rxd8 34. Qxb4 Qxb4 35. Rxb4 Bxe4 36. Bg2 {
was the only way to put up any resistance, according to K.Landa}) 31... Rxe2
32. Qf4 Rxf2 $1 0-1

[Event "RUS-chT 16th"]
[Site "Dagomys"]
[Date "2009.04.05"]
[Round "2"]
[White "Moiseenko, Alexander"]
[Black "Ivanchuk, Vassily"]
[Result "1/2-1/2"]
[WhiteElo "2690"]
[BlackElo "2746"]
[Annotator "Krasenkow,M"]
[PlyCount "47"]
[EventDate "2009.04.04"]
[EventType "team-tourn"]
[EventRounds "7"]
[EventCountry "RUS"]
[SourceTitle "EXT 2020"]
[Source "ChessBase"]
[SourceDate "2019.10.17"]
[SourceVersion "1"]
[SourceVersionDate "2019.10.17"]
[SourceQuality "1"]
[WhiteTeam "Saratov Ekonomist SGSEU"]
[BlackTeam "Saransk TPS"]
[WhiteTeamCountry "RUS"]
[BlackTeamCountry "RUS"]

1. d4 Nf6 2. c4 e6 3. Nf3 b6 4. g3 Ba6 5. Qc2 Bb7 6. Bg2 c5 7. d5 exd5 8. cxd5
Nxd5 9. O-O Be7 10. Rd1 Qc8 11. a3 d6 $146 {[%mdl 8] A novelty in a well-known
position.} (11... Nc7 $5 {- see Sargissian-Grischuk in CBM 128 (annotated by
GM I.Stohl).}) (11... Nf6 {is the main theoretical line, examined in many CBM
issues, most recently in CBM 126, annotations to Topalov-Anand by GM E.Postny.}
) 12. Nd4 $1 (12. e4 Nf6 13. Nc3 O-O 14. Bf4 Rd8 {looks quite solid for Black.}
) 12... Nf6 13. Bxb7 (13. Nf5 Bxg2 14. Kxg2 (14. Nxg7+ $6 Kf8 15. Bh6 Ng4 16.
Qd2 Kg8 17. Kxg2 Nxh6 18. Qxh6 Bf8) 14... Qb7+ 15. f3 O-O {leads to a similar
position}) 13... Qxb7 14. Nf5 O-O 15. Nc3 $1 (15. Nxd6 Bxd6 16. Rxd6 Nc6 {
gives Black a development advantage and the initiative.}) 15... Nc6 16. Bg5 Ne8
(16... Rad8 17. Qa4 $5 (17. e4 $143 Ng4 $1) 17... Qd7 18. e4 $44) 17. Bxe7 Nxe7
18. Nxd6 Qc6 19. Nf5 $6 {A harmless move. Simplifications are favorable for
Black.} (19. Nc4 $142 {[%cal Rc4e5]} Qe6 20. Nb5 {keeping up the pressure.})
19... Nxf5 20. Qxf5 Nf6 21. Nd5 (21. e4 Rad8 22. e5 Nd5 23. Qe4 Ne7 $11) 21...
Nxd5 22. Rxd5 Rad8 23. Rad1 g6 24. Qf3 (24. Qf3 Rxd5 25. Rxd5 Re8 26. e4 c4
$132) 1/2-1/2

[Event "FRA-chT Top 12"]
[Site "Belfort"]
[Date "2012.06.06"]
[Round "7.3"]
[White "Krasenkow, Michal"]
[Black "Delchev, Aleksander"]
[Result "1-0"]
[WhiteElo "2604"]
[BlackElo "2622"]
[Annotator "Krasenkow,M"]
[PlyCount "113"]
[EventDate "2012.05.31"]
[EventType "team-tourn"]
[EventRounds "11"]
[EventCountry "FRA"]
[SourceTitle "CBM 149"]
[Source "ChessBase"]
[SourceDate "2012.07.17"]
[SourceVersion "1"]
[SourceVersionDate "2012.07.17"]
[SourceQuality "1"]
[WhiteTeam "Chalonnais Echiquier"]
[BlackTeam "Marseille Echecs"]
[WhiteTeamCountry "FRA"]
[BlackTeamCountry "FRA"]

1. d4 Nf6 2. c4 e6 3. Nf3 b6 4. g3 Ba6 5. Nbd2 Bb4 6. Qc2 O-O 7. Bg2 d5 8. O-O
c5 9. dxc5 Bxc5 10. cxd5 (10. a3 Nbd7 11. Qa4 $5 {is more popular but I don't
see any problems for Black after, say,} Bb7 12. cxd5 Bxd5 13. e4 Bb7 14. e5 Nd5
15. Qg4 {1-0 Salem,A (2443)-Zhigalko,A (2551)/Warsaw 2008/CBM 125 Extra (68)}
Qc7 16. Nc4 g6 {The whole line is completely harmless.}) 10... Bxe2 (10... Nxd5
$142 11. Ne4 (11. Nb3 Be7 12. Nbd4 Nd7 13. Nc6 Rc8 14. Qa4 Nc5 15. Qxa6 Nxa6
16. Nxd8 {1/2 Mehaux,H (2354)-Punzon Moraleda,J/ICCF 2004/ICCF CBM 127}) 11...
Nd7 (11... Nb4 $143 12. Qd2 Be7 13. a3 Qxd2 14. Bxd2 Nd5 15. Nd4 Bc5 16. Nxc5
bxc5 17. Nf5 Nc6 18. Rfc1 $14 {1-0 Onischuk,A (2670)-Pelletier,Y (2569)/Biel
2008/CBM 126 (57)}) 12. Nxc5 Nxc5 13. Ng5 g6 $11 {1/2 Milos,G (2579)-Vescovi,G
(2609)/Sao Paulo 2007/CBM 118 ext (23)}) (10... Qc8 $5 11. Qb1 Nxd5 (11... exd5
$143 12. b4 Be7 13. b5 Bb7 14. Nd4 Bc5 15. Bb2 $14 {1/2 Ju,W (2389)-Bojkovic,N
(2423)/Nalchik 2008/CBM 126 Extra (41)})) (10... exd5 11. Nb3 Re8 12. Re1 Nbd7
13. Nxc5 bxc5 14. b3 d4 15. Bb2 Rxe2 16. Rxe2 d3 17. Re8+ Qxe8 18. Qc3 Rb8 19.
Re1 Qf8 20. Bf1 c4 21. bxc4 Bxc4 22. Ba3 Qc8 23. Rc1 Nb6 24. Bxd3 Bxa2 {
1/2 Bancevich,S (2214)-Van Seben,E (2363)/Lechenicher SchachServer 2009/
Telechess CBM 135}) 11. Re1 (11. dxe6 $1 Bxf1 (11... Nc6 12. exf7+ Rxf7 13. Ng5
Nd4 14. Nxf7 Nxc2 15. Nxd8 Rxd8 16. Rb1 Bxf1 17. Kxf1 Re8 18. Nf3 Ne4 19. Bf4
$1 Nxf2 20. b4 $1 Nxb4 21. Rxb4 Bxb4 22. Kxf2 {parrying Black's assault and
keeping some edge in the endgame}) 12. Nxf1 Nc6 {0-1 Pantsulaia,L (2611)
-Gasanov,E (2498)/Istanbul 2007/CBM 120 ext (43)} 13. exf7+ Kh8 14. Be3 $14)
11... Qc8 $1 {A good intermediate move.} (11... Bxf3 12. Nxf3 $1 exd5 (12...
Nxd5 13. Ng5 g6 14. Ne4 $44 {^^}) 13. Ne5 Nbd7 14. Bg5 Nxe5 15. Rxe5 Qd6 16.
Bxf6 Qxf6 17. Rf5 Qg6 18. Bxd5 $14 {[%csl Gd5,Rf7]}) 12. Nd4 (12. Qb1 $5 {
although} Bxf3 13. Nxf3 Nxd5 14. Ng5 g6 {is more favourable for Black than the
line in the previous annotation.}) 12... exd5 (12... Nxd5 $142 13. N2b3 Bh5 $1
(13... Bxd4 14. Qxc8 Rxc8 15. Nxd4 Bd3 (15... Ba6 16. Nxe6 $1 fxe6 17. Rxe6 $16
) 16. Rd1 Bg6 17. Nxe6 fxe6 18. Rxd5 exd5 19. Bxd5+ Kf8 20. Bxa8 {, and White
wins a pawn although it is rather impossible to convert it after, say,} Nc6 21.
Bb7 Rc7 22. Ba6 Nb4 23. Bf1 Nd3) 14. Nxc5 bxc5 {, and White's compensation for
the pawn can only be enough to keep the balance.}) 13. Rxe2 Bxd4 14. Qxc8 Rxc8
15. Nb3 Nc6 16. Bf4 Bc5 (16... Re8 $5 17. Rc2 (17. Rd2 Be5) 17... Bc5 $1 18.
Nxc5 Nd4 19. Rd2 bxc5 20. Be3 Ne4 $11) 17. Nxc5 bxc5 18. Rd2 c4 19. Bg5 Ne4 20.
Rxd5 Nxg5 21. Rxg5 {White has recaptured the pawn keeping a bishop vs. a
knight in an open position; However, his winning chances are slim as Black's
pieces are active, and another pair of queenside pawns will soon be traded.}
Rab8 22. Rc5 Nb4 23. Rxc8+ Rxc8 {[%mdl 4096]} 24. Bf1 Kf8 25. a4 (25. a3 Nd5
26. Rc1 Nb6 {[%csl Gb6]}) 25... c3 26. bxc3 Rxc3 27. Re1 Nc6 28. Bb5 g6 29. Re4
f5 30. Re6 Nd4 31. Re8+ Kf7 32. Rb8 Nxb5 33. Rxb5 Rc7 34. Ra5 {White retains
some small pressure in this rook endgame, too, due to his more active rook but
Black should easily hold his ground with accurate defence.} Kf6 35. h4 Re7 36.
Kg2 Kg7 37. Ra6 h5 38. Kf3 Kh6 39. Kf4 Re4+ 40. Kf3 Re7 41. a5 Rb7 42. Rc6 (42.
Rd6 {is more logical but Black has no problems after} Re7 (42... Rb3+ $143 43.
Kf4 Rb4+ 44. Ke5 Rb5+ 45. Rd5 {although even here Black should survive after}
Rb2) 43. a6 Kg7 44. Rd8 {[%cal Yd8b8,Yb8b7] the only positive idea} Kf6 $1 $11
{[%cal Re7e6]}) 42... Rb3+ 43. Kg2 Ra3 $6 {A strange decision but even after
giving up the a7-pawn Black should not lose.} (43... Rb7 $11) 44. Ra6 Ra4 45.
Kf3 (45. Rxa7 f4 46. a6 fxg3 47. Kxg3 (47. fxg3 g5 $5) 47... Rg4+ 48. Kh3 Rf4
49. Ra8 Kg7 50. Rc8 Ra4 51. Rc6 Kf7 {, and White can't improve his position.})
45... Ra3+ 46. Kf4 Ra4+ 47. Ke5 Ra2 48. f4 Ra3 49. Rxa7 Rxg3 50. Kf6 {White
tries to confuse his opponent.} ({In the event of} 50. a6 Ra3 51. Kf6 Ra1 ({
but not} 51... Ra4 $4 52. Ra8 Kh7 53. Kg5) 52. Kf7 {[%cal Rf7g8]} Kh7 {White
can't make any further progress: Black captures his f4 (and possibly h4) pawn
at an appropriate moment securing a draw, e.g.} 53. Ke6+ Kh6 54. Kd5 Ra4 55.
Kc5 Rxf4 56. Kb5 Rxh4 57. Rh7+ Kxh7 58. a7 Rg4 59. a8=Q h4 $11) 50... Rc3 $2 (
50... Rg4 51. Rg7 {was White's idea but} Rxf4 52. Rxg6+ Kh7 {leads to an easy
draw.}) ({or} 50... Rf3) 51. Re7 $1 Rc6+ $2 (51... Ra3 {was now a must;
however, it leads to the difficult (although theoretically drawn) endgame with
f- and h-pawns:} 52. Rg7 $1 Rxa5 53. Rxg6+ Kh7 54. Kg5 {Both Black's pawns
fall but fortunately, his king will not be cut off along the 7th rank.}) {
The text move loses. Black can't capture White's f4 pawn, and his a-pawn
decides the game.} 52. Re6 Rc4 53. a6 Ra4 (53... Rxf4 54. Re8 Kh7 55. a7 $18)
54. Rb6 Ra5 55. Kf7 Ra4 56. Rxg6+ Kh7 57. Rg5 (57. Rg5 Kh6 58. Rxf5 Rxa6 59.
Rf6+ $18) 1-0

[Event "Baku FIDE GP"]
[Site "Baku"]
[Date "2008.04.29"]
[Round "8"]
[White "Mamedyarov, Shakhriyar"]
[Black "Karjakin, Sergey"]
[Result "1-0"]
[WhiteElo "2752"]
[BlackElo "2732"]
[Annotator "Krasenkow,M"]
[PlyCount "131"]
[EventDate "2008.04.21"]
[EventType "tourn"]
[EventRounds "13"]
[EventCountry "AZE"]
[EventCategory "19"]
[SourceTitle "CBM 124"]
[Source "ChessBase"]
[SourceDate "2008.05.28"]
[SourceVersion "1"]
[SourceVersionDate "2008.05.28"]
[SourceQuality "1"]

1. d4 Nf6 2. c4 e6 3. Nf3 b6 4. g3 Ba6 5. Qa4 Bb7 6. Bg2 c5 7. dxc5 Bxc5 8. O-O
O-O 9. Nc3 Be7 10. Rd1 d6 11. Bf4 a6 {This system was examined by GM M.Marin
in CBM 120 (annotations to Leko-Aronian).} 12. Qa3 (12. Rd2 {is more popular.})
(12. Rac1 {and}) (12. Qb4 {are also played.}) 12... Ne8 (12... d5 $6 13. Qb3
dxc4 14. Qxc4 Qc8 15. Qxc8 (15. Qb3 $5 {[%csl Rc8][%cal Ya1c1]}) 15... Rxc8 16.
Na4 Bd8 17. Ne5 Bxg2 18. Kxg2 a5 19. Rac1 Na6 20. Rxd8+ Rxd8 21. Nxb6 Rab8 22.
Nc6 Rxb6 23. Nxd8 Rxb2 24. Rc8 $18 {1/2-1/2 Wang,D-Xu Yuhua/Wuxi 2005/CBM 106
ext (68)}) 13. b4 $1 {A classic energetic plan in a hedgehog positions. White
prepares either c4-c5 or b4-b5 followed by the seizure of the c6-square.} (13.
Rac1 Qc7 14. b3 Nd7 15. Qb2 h6 16. h4 Nef6 17. Qd2 Ne8 18. e4 Rc8 19. Qe2 Nef6
20. e5 $6 Bxf3 21. Bxf3 Nxe5 22. Bg2 Rfd8 $15 {1/2-1/2 Van Wely,L-Bischoff,K/
Kuppenheim 2004/EXT 2005 (30)}) (13. b3 Nd7 14. Qb2 Qc7 15. a4 Rc8 16. Qd2 h6
17. Rab1 Rd8 18. e4 Ne5 19. Qe2 Ng6 20. Be3 Nf6 21. Ne1 Ne5 22. h3 Rfe8 23.
Rdc1 Ned7 24. f4 Rc8 25. Nd3 Qb8 $13 {1/2-1/2 Benen,S-Boekhoff,A/Philadelphia
2004/CBM 101 ext (42)}) (13. Qb3 Nd7 14. Rac1 Qc7 15. Nd2 Bxg2 16. Kxg2 Qc6+
17. f3 Nef6 18. Nde4 {1/2-1/2 Tratar,M-Hertneck,G/Salzburg 2004/CBM 102 ext})
13... Nd7 14. Qb3 Qb8 $6 {Not the best way to arrange Black's pieces.} (14...
Qc7 {[%cal Ya8c8,Yc7b8] is more normal.}) 15. Rd2 h6 $6 {This move is
generally useful but not at this particular moment.} (15... Qa7 $142) 16. Rad1
Qa7 17. Qa4 $1 Ndf6 18. Nd4 $1 Rc8 (18... e5 $6 19. Nc6 Bxc6 20. Qxc6) (18...
Bxg2 19. Kxg2 Nh5 20. Be3 Rc8 21. Nc6 Qb7 22. b5 $16) 19. Nc6 Bxc6 20. Bxc6 $14
{[%csl Gc6] As a result of his pretentious play, Black has suffered positional
losses.} Ng4 $6 {Simply losing a pawn.} (20... Qc7 21. b5 $16) (20... g5 $142
$5 21. Be3 Ng4 22. Bd4 $1 (22. Nb5 {is less appropriate now as Black obtains
some compensation for the pawn:} Qb8 23. Bxe8 Rfxe8 ({or} 23... axb5 24. Bxb5
Nxe3 25. fxe3 Rfd8 {[%cal Ye7f6,Yf6e5]}) 24. Qxa6 Nxe3 25. fxe3 d5 26. cxd5
Bxb4 27. Rd3 exd5 28. Rxd5 Rxe3 (28... Bc5 29. Nd6 $1) 29. Na7 Rf8 30. Nc6
Rxg3+ 31. Kh1 Qe8 32. hxg3 Qxc6 $14) 22... e5 23. Nd5 (23. c5 $5 {leads to
interesting complications:} dxc5 (23... exd4 24. cxb6 Qxb6 25. Nd5 Qd8 26. Bd7
$16) 24. Bxc5 $1 Bxc5 $1 (24... bxc5 $2 25. Rd7 Rc7 26. Nb5 axb5 27. Qxa7 Rxa7
28. Rxa7 Bf6 29. h3 $18) 25. bxc5 b5 26. Qxg4 Rxc6 27. Nd5 Qxc5 28. Qf5 $36)
23... Rxc6 24. Qxc6 exd4 25. Rxd4 Ne5 26. Qxb6 (26. Nxe7+ Kh8 $5 (26... Qxe7
27. Qxb6) 27. Qa4 Qxe7 28. Qxa6 $14) 26... Qxb6 27. Nxb6 Nf6 28. b5 $14 {
R+2P are stronger in the endgame than B+N.}) 21. Nb5 Qb8 22. Nxd6 Bxd6 23. Bxd6
Nxd6 24. Rxd6 Ne5 25. b5 {and White eventually overcame technical difficulties
in the queen endgame:} axb5 26. cxb5 Rfd8 27. Rxd8+ Rxd8 28. h3 g5 29. Rd4 Qc7
30. e3 Rc8 31. Kg2 Nxc6 32. Rc4 Qa7 33. Qc2 Ne7 34. Rxc8+ Nxc8 35. Qxc8+ Kg7
36. Qc4 Qa8+ 37. Kg1 Qa5 38. a4 h5 39. Qd4+ Kg6 40. Qe4+ Kg7 41. h4 gxh4 42.
Qxh4 f6 43. Qc4 e5 44. Kf1 Qd2 45. Kg2 Qd8 46. Qc6 Kg6 47. e4 Qd1 48. Qxb6 h4
49. Qe6 hxg3 50. Qg8+ Kh6 51. Qxg3 Qxa4 52. Qd3 Qb4 53. Qd5 Qb2 54. Qc6 Kg5 55.
b6 Qe2 56. Qc1+ Kg6 57. Qb1 Qg4+ 58. Kf1 Qf3 59. Qc2 Qa3 60. Kg2 Qb4 61. Qc6
Kg5 62. b7 Qb1 63. Qd5 Kf4 64. Qd2+ Kxe4 65. f3+ Kf5 66. Qd7+ 1-0

[Event "EU-chT (Men) 18th"]
[Site "Porto Carras"]
[Date "2011.11.11"]
[Round "9.2"]
[White "Cheparinov, Ivan"]
[Black "Almasi, Zoltan"]
[Result "0-1"]
[WhiteElo "2650"]
[BlackElo "2707"]
[Annotator "Kruttika,Nadig"]
[PlyCount "74"]
[EventDate "2011.11.03"]
[EventType "team-swiss"]
[EventRounds "9"]
[EventCountry "GRE"]
[SourceTitle "CBM 146"]
[Source "ChessBase"]
[SourceDate "2012.01.18"]
[SourceVersion "1"]
[SourceVersionDate "2012.01.18"]
[SourceQuality "1"]
[WhiteTeam "Bulgaria"]
[BlackTeam "Hungary"]
[WhiteTeamCountry "BUL"]
[BlackTeamCountry "HUN"]

1. d4 Nf6 2. c4 e6 3. Nf3 b6 4. g3 Ba6 5. Qc2 Bb7 6. Bg2 c5 7. d5 exd5 8. cxd5
Nxd5 9. O-O Be7 10. Rd1 Nc6 11. a3 Nc7 12. Bf4 Ne6 13. e3 Nxf4 14. exf4 O-O 15.
Nc3 d6 16. Rd2 Re8 17. Rad1 h6 18. Ne5 Nd4 19. Rxd4 Bxg2 20. R4d2 Bh3 21. Nb5
Qc8 22. Nxd6 Bxd6 23. Rxd6 f6 24. Rxf6 Qb7 25. Qc4+ Kh7 26. Qd3+ Kg8 27. Qb3+
Kh7 28. f3 $4 (28. Qc2+ $11) 28... gxf6 29. Rd7+ Qxd7 30. Nxd7 Kg7 31. Nxf6 $2
(31. g4 Rad8 32. Nxc5 bxc5 33. Qb7+ Kg8 34. Qb3+ Kf8 35. Qc3 Kg7 36. Kf2 {
and white may be able to hold}) 31... Re1+ 32. Kf2 Rf1+ 33. Ke2 Kxf6 34. Qa4
Kf7 35. Qc6 Re8+ 36. Kd2 Rf2+ 37. Kd1 Bf5 0-1